Medina Azzahra y Alamiriya : (Record no. 146011)

MARC details
000 -LEADER
campo de control de longitud fija 01315nam a2200289 i 4500
001 - NÚMERO DE CONTROL
campo de control 146011
003 - IDENTIFICADOR DE NÚMERO DE CONTROL
campo de control ES-MaACL
005 - FECHA Y HORA DE LA ÚLTIMA TRANSACCIÓN
campo de control 20260130105735.0
007 - CAMPO FIJO DE DESCRIPCIÓN FÍSICA--INFORMACIÓN GENERAL
campo de control de longitud fija t|
008 - DATOS DE LONGITUD FIJA--INFORMACIÓN GENERAL
campo de control de longitud fija 071018s1912 sp af |||| | spa d
100 1# - ENTRADA PRINCIPAL--NOMBRE DE PERSONA
Nombre de persona Velázquez Bosco, Ricardo,
Fechas asociadas al nombre 1843-1923
9 (RLIN) 113808
245 10 - MENCIÓN DEL TÍTULO
Título Medina Azzahra y Alamiriya :
Resto del título arte del Califato de Córdoba /
Mención de responsabilidad, etc. por D. Ricardo Velázquez Bosco; texto, planos y dibujos del mismo.
260 ## - PUBLICACIÓN, DISTRIBUCIÓN, ETC.
Lugar de publicación, distribución, etc. Madrid :
Nombre del editor, distribuidor, etc. [s.n.],
Fecha de publicación, distribución, etc. 1912 (
Fabricante Imp. Artística de José Blass y Cía.)
300 ## - DESCRIPCIÓN FÍSICA
Extensión 104 p., LVIII h. de lám. col. y n. :
Otras características físicas il. ;
Dimensiones 27 cm.
505 8# - NOTA DE CONTENIDO CON FORMATO
Nota de contenido con formato Contiene: Alamiriya y Medina Azzahira ; Medina Azzahra ; Pavimentos, cerámica y cristalería ; Acueducto
530 ## - NOTA DISPONIBLE DE FORMULARIO FÍSICO ADICIONAL
Nota de formato físico adicional disponible Disponible en formato digital.
650 #4 - PUNTO DE ACCESO ADICIONAL DE MATERIA--TÉRMINO DE MATERIA
Término de materia o nombre geográfico como elemento de entrada Arquitectura musulmana-
Subdivisión geográfica Córdoba (Provincia)
9 (RLIN) 168846
650 #4 - PUNTO DE ACCESO ADICIONAL DE MATERIA--TÉRMINO DE MATERIA
Término de materia o nombre geográfico como elemento de entrada Decoración y ornamentación musulmana.
9 (RLIN) 149907
650 #4 - PUNTO DE ACCESO ADICIONAL DE MATERIA--TÉRMINO DE MATERIA
Término de materia o nombre geográfico como elemento de entrada Palacios-
Subdivisión geográfica Córdoba (Provincia)
9 (RLIN) 173236
651 #4 - PUNTO DE ACCESO ADICIONAL DE MATERIA--NOMBRE GEOGRÁFICO
Nombre geográfico Medina Azahara (Ciudad desaparecida)
9 (RLIN) 168847
651 #4 - PUNTO DE ACCESO ADICIONAL DE MATERIA--NOMBRE GEOGRÁFICO
Nombre geográfico Córdoba (Provincia)-
Subdivisión general Restos arqueológicos.
9 (RLIN) 8924
710 2# - ENTRADA AGREGADA--NOMBRE DE ENTIDAD CORPORATIVA
Nombre de entidad corporativa o nombre de jurisdicción como elemento de entrada Junta para la Ampliación de Estudios e Investigaciones Científicas.
9 (RLIN) 5413
852 4# - LOCALIZACIÓN
Ubicación ES-MaACL
Número de control de estantería B-4906
Ubicación en estantería Sala Pardo Bazán
856 4# - LOCALIZACIÓN Y ACCESO ELECTRÓNICOS
Identificador Uniforme de Recursos <a href="https://archive.org/details/artedelcalifatod00vel ">https://archive.org/details/artedelcalifatod00vel </a>
Texto de enlace Internet Archive
942 ## - ELEMENTOS DE ENTRADA SECUNDARIOS (KOHA)
Fuente del sistema de clasificación o colocación Clasificación decimal universal
Holdings
Estatus retirado Estado de pérdida Estado de daño No para préstamo Colección Biblioteca de origen Biblioteca actual Ubicación en estantería Fecha de adquisición Fuente de adquisición Total de préstamos Signatura topográfica completa Código de barras Visto por última vez Precio de reemplazo Tipo de ítem Koha
        Colección digital Biblioteca del Ateneo de Madrid Biblioteca del Ateneo de Madrid Sala Pardo Bazán 17/01/2008     B-4906 1152404 23/02/2023 23/02/2023 Libro impreso